| 000 | 01082nas a2200349 4500 | ||
|---|---|---|---|
| 001 | BR2010002377 | ||
| 003 | BR-BrBNA | ||
| 005 | 20231205114840.0 | ||
| 007 | ta | ||
| 008 | 230509b bl.|||p| |||| 00| 00por d | ||
| 040 |
_aBR-BrBNA _bpor _cBiblioteca Nacional de Agricultura |
||
| 041 | _a(Pt) | ||
| 072 | _aE70; A50 | ||
| 100 | 1 | _aBastos, D.C. | |
| 100 | 1 | _aScarpare Filho, J.A.S. | |
| 100 | 1 | _aLibardi, M.N. | |
| 100 | 1 | _aPio, R. | |
| 245 | 1 | _aEstiolamento, incisão na base da estaca e uso do ácido indolbutírico na propagação da caramboleira por estacas lenhosas | |
| 650 | _aFRUTICULTURA | ||
| 650 | _aCARAMBOLA | ||
| 650 | _aREPRODUÇÃO VEGETAL | ||
| 650 | _aPROPAGAÇÃO VEGETATIVA | ||
| 650 | _aENXERTO | ||
| 650 | _aESTACA | ||
| 650 | _aREGULADOR DE CRESCIMENTO | ||
| 650 | _aAUXINA | ||
| 650 | _aÁCIDO INDOLBUTÍRICO | ||
| 650 | _aPESQUISA AGRÍCOLA | ||
| 773 | 0 |
_tCiência e Agrotecnologia (Brazil) _xISSN 1413-7054 _g(Jan-feb 2009), v. 33(1) p. 313-318 _wBR2010002377 |
|
| 909 |
_a202311 _bLúcia _c55 _dLúcia Elande |
||
| 942 |
_2AGRIS _n0 _cANA |
||
| 999 |
_c210813 _d210813 |
||